00000000nam 2200000za 4500
0019.856018
003CaOODSP
00520221107155435
007cr |||||||||||
008180501s1994    onc    #os   f|0| 0 eng d
040 |aCaOODSP|beng
043 |an-cn---
0861 |aCS65-0011/1994E-PDF
1001 |aMozes, Steven.
24514|aThe future of the Canadian international merchandise trade statistical program |h[electronic resource] / |cSteven Mozes and Victoria Crompton.
260 |a[Ottawa] : |bStatistics Canada, |c[1994]
300 |a[28] p.
500 |aCaption title.
500 |aCopy of an article from the Proceedings of the 1994 Annual Research Conference of the U.S. Bureau of the Census.
500 |aDigitized edition from print [produced by Statistics Canada].
520 |a"The objectives of this paper are to describe and evaluate various scenarios for the future direction of the Canadian merchandise trade statistical program with special emphasis on the impact of changes emanating from Canada Customs and the lessons learned from the Intrastat experience. The paper also analyses the advantages and disadvantages of both Customs and survey based programs and their impact on data quality, historical continuity, coverage and detail"--Introduction.
69207|2gccst|aInternational trade
69207|2gccst|aStatistics
7001 |aCrompton, Victoria.
7102 |aStatistics Canada.
85640|qPDF|s682 KB|uhttps://publications.gc.ca/collections/collection_2018/statcan/CS65-0011-1994-eng.pdf
986 |a65F0011XPE